000 00670nam a2200253Ia 4500
003 OSt
005 20220918201523.0
006 a|||||r|||| 00| 0
007 ta
008 220917b |||||||| |||| 00| 0 eng d
024 _a94,563
037 _cTextual
040 _aARTS
_cARTS
_beng
041 _2eng
_aeng
082 _aV2.L, M3
100 _aAskari S H Tr.
_999247
245 0 _aIqbalnama by an anynymous contemporary writer
260 _aPatna
_bJanaki Prakashan
_c1983
300 _axxxix, 441p.
_ccm.
500 _aAppendices p409--422
650 _aHISTORY
942 _hV2.L, M3
_cTEXL
_2CC
999 _c218188
_d218188